书目信息 |
| 题名: |
职业道德与职业指导
|
|
| 作者: | 唐凯麟 主编 | |
| 分册: | ||
| 出版信息: | 北京 高等教育出版社 2001 |
|
| 页数: | 307页 | |
| 开本: | 20cm | |
| 丛书名: | ||
| 单 册: | ||
| 中图分类: | G711 , G711 | |
| 科图分类: | 17.7 | |
| 主题词: | 职业道德--专业学校--教学参考资料 , 职业选择--专业学校--教学参考资料 , 教育--类型 | |
| 电子资源: | ||
| ISBN: | 7-04-009977-2 | |
| 000 | 00737nam0 2200253 45 | |
| 001 | 0198008276 | |
| 005 | 20070723164454.81 | |
| 010 | @a7-04-009977-2@dCNY10.80 | |
| 100 | @a19980204d2001 em y0chiy0121 ea | |
| 101 | 0 | @achi |
| 102 | @aCN@b110000 | |
| 105 | @ay zg 000yy | |
| 200 | 10 | @a职业道德与职业指导@Azhi ye dao de yu zhi ye zhi dao@f唐凯麟等主编@Ftang kai lin deng zhu bian |
| 210 | @a北京@c高等教育出版社@d2001 | |
| 215 | @a307页@d20cm | |
| 606 | @a职业道德@x专业学校@y教学参考资料 | |
| 606 | 0 | @a职业选择@x专业学校@x教学参考资料 |
| 606 | 0 | @a教育@x类型 |
| 690 | @aG711@v3 | |
| 690 | @aG711@v3 | |
| 692 | @a17.7@v2 | |
| 701 | 0 | @a唐凯麟@Atang kai lin@4主编 |
| 801 | 0 | @aCN@bTSSF@c20070723 |
| 905 | @a10447@dG711@e17 | |
| 职业道德与职业指导/唐凯麟等主编.-北京:高等教育出版社,2001 |
| 307页;20cm |
| ISBN 7-04-009977-2:CNY10.80 |
| ● |
| 相关链接 |
|
|
|
|
正题名:职业道德与职业指导
索取号:G711/17
 
预约/预借
| 序号 | 登录号 | 条形码 | 馆藏地/架位号 | 状态 | 备注 |
| 1 | 0770349 | 207703494 | 第一样本阅览室/ [索取号:G711/17] | 在馆 |